<?xml version="1.0" encoding="UTF-8"?>
<record
    xmlns:xsi="http://www.w3.org/2001/XMLSchema-instance"
    xsi:schemaLocation="http://www.loc.gov/MARC21/slim http://www.loc.gov/standards/marcxml/schema/MARC21slim.xsd"
    xmlns="http://www.loc.gov/MARC21/slim">

  <leader>00381nam a2200145Ia 4500</leader>
  <controlfield tag="008">230411s9999    xx            000 0 und d</controlfield>
  <datafield tag="020" ind1=" " ind2=" ">
    <subfield code="a">978-81-944400-5-5</subfield>
  </datafield>
  <datafield tag="041" ind1=" " ind2=" ">
    <subfield code="a">eng</subfield>
  </datafield>
  <datafield tag="082" ind1=" " ind2=" ">
    <subfield code="a">MS/616.028/CLE/B09720</subfield>
  </datafield>
  <datafield tag="100" ind1=" " ind2=" ">
    <subfield code="a">Clement I</subfield>
    <subfield code="9">119826</subfield>
  </datafield>
  <datafield tag="245" ind1=" " ind2=" ">
    <subfield code="a">Textbook on Critical Care Nursing</subfield>
  </datafield>
  <datafield tag="260" ind1=" " ind2=" ">
    <subfield code="b">EMMESS</subfield>
    <subfield code="a">Bangalore</subfield>
    <subfield code="c">2020</subfield>
  </datafield>
  <datafield tag="300" ind1=" " ind2=" ">
    <subfield code="a">1148p</subfield>
  </datafield>
  <datafield tag="999" ind1=" " ind2=" ">
    <subfield code="c">158651</subfield>
    <subfield code="d">158651</subfield>
  </datafield>
  <datafield tag="952" ind1=" " ind2=" ">
    <subfield code="0">0</subfield>
    <subfield code="1">0</subfield>
    <subfield code="4">0</subfield>
    <subfield code="7">0</subfield>
    <subfield code="8">MS</subfield>
    <subfield code="a">BTIN</subfield>
    <subfield code="b">BTIN</subfield>
    <subfield code="d">2022-01-21</subfield>
    <subfield code="e">Patil Medical Book House</subfield>
    <subfield code="g">1995.00</subfield>
    <subfield code="i">4752</subfield>
    <subfield code="l">11</subfield>
    <subfield code="m">1</subfield>
    <subfield code="o">MS 616.028 CLE B09720</subfield>
    <subfield code="p">BTIN-BK-9720</subfield>
    <subfield code="q">2026-04-06</subfield>
    <subfield code="r">2026-03-02 16:38:20</subfield>
    <subfield code="s">2026-03-02</subfield>
    <subfield code="v">1386.53</subfield>
    <subfield code="w">2021-11-30</subfield>
    <subfield code="y">BK</subfield>
    <subfield code="z">B09720</subfield>
  </datafield>
  <datafield tag="952" ind1=" " ind2=" ">
    <subfield code="0">0</subfield>
    <subfield code="1">0</subfield>
    <subfield code="4">0</subfield>
    <subfield code="7">3</subfield>
    <subfield code="8">MS</subfield>
    <subfield code="a">BTIN</subfield>
    <subfield code="b">BTIN</subfield>
    <subfield code="d">2022-01-21</subfield>
    <subfield code="e">Patil Medical Book House</subfield>
    <subfield code="g">1995.00</subfield>
    <subfield code="i">4752</subfield>
    <subfield code="o">MS 616.028 CLE B09721</subfield>
    <subfield code="p">BTIN-BK-9721</subfield>
    <subfield code="r">2023-04-11 00:00:00</subfield>
    <subfield code="v">1386.53</subfield>
    <subfield code="w">2021-11-30</subfield>
    <subfield code="y">BK</subfield>
    <subfield code="z">B09721</subfield>
  </datafield>
</record>
